000 00607nam a22001937a 4500
005 20100806105641.0
010 _aENG-98550
020 _a9788189840174
_c100.00
035 _aEN-82083
037 _bDBAD/PUB
082 _a658
100 _aEswaran, R
_97361
245 _aBusiness management /
_cby R Eswwaran
260 _aErode
_bPallavi Publications
_c2008
270 _a194,kanna Complex Mettur Road
_bErode
_e638011
300 _a128p
_c20cm
942 _2ddc
_cEN
_h658
_mESW
999 _c39618
_d39618